Song Titles: Fill In The Missing Word - Geographical Features 50s&60s - Statistics

General Stats
  • This quiz has been taken 48 times
  • The average score is 10 of 20
Answer Stats
Artist Song Title % Correct
Beatles Strawberry {Fields}
96%
Fats Domino Blueberry {Hill}
93%
Otis Redding (Sittin' On) The Dock Of The {Bay}
91%
Ike and Tina Turner River Deep - {Mountain} High
78%
The Band Up On Cripple {Creek}
78%
Dionne Warwick {Valley} Of The Dolls
76%
Frankie Vaughan The {Garden} Of Eden
69%
Jimmy Cliff Many {Rivers} To Cross
64%
Acker Bilk Stranger on the {Shore}
49%
Horst Jankowski A Walk In The Black {Forest}
40%
Harry Belafonte {Island} in the Sun
40%
The Central Band of the Royal Air Force The {Dam} Busters March
38%
Phil Phillips {Sea} Of Love
33%
Kinks The Village {Green} Preservation Society
33%
Tom Lehrer Poisoning Pigeons in the {Park}
29%
Rusty Draper/Eamonn Andrews/Billy Vaughn Shifting Whispering {Sands}
29%
Cliff Richard and the Shadows On the {Beach}
20%
Platters {Harbour} Lights
18%
Bonzo Dog Doodah Band {Canyons} Of Your Mind
13%
Hank Mizell {Jungle} Rock
11%
No matching quizzes found
Score Distribution
Percent of People with Each Score
Percentile by Number Answered
Your Score History
You have not taken this quiz